| 000 | 00810cam a22002653a 4500 | ||
|---|---|---|---|
| 001 | 2045 | ||
| 003 | PGUSA | ||
| 005 | 20140828083010.0 | ||
| 008 | 000101s2000||||xxu|||||s|||||000 | eng d | ||
| 040 |
_aPGUSA _beng |
||
| 042 | _adc | ||
| 050 | 4 | _aE660 | |
| 100 | 1 |
_aDepew, Chauncey M. _q(Chauncey Mitchell), _d1834-1928 |
|
| 245 | 1 | 0 |
_aMy Memories of Eighty Years _h[electronic resource] / _cChauncey M. Depew |
| 260 |
_bProject Gutenberg, _c2000 |
||
| 506 | _aPublic domain in the USA. | ||
| 516 | _aElectronic text | ||
| 653 | _aUnited States -- History -- 1865-1921 | ||
| 653 | _aDepew, Chauncey M. (Chauncey Mitchell), 1834-1928 | ||
| 653 | _aBiography | ||
| 740 | 0 | _aMy Memories of 80 Years | |
| 830 | 0 |
_aProject Gutenberg _v2045 |
|
| 856 | 4 | 0 | _uhttp://www.gutenberg.org/ebooks/2045 |
| 942 | _cEB | ||
| 999 |
_c231384 _d231384 |
||